000 01236aam a2200493a 44500
008 031110s2003 cat
017 _aV-915-2003
020 _a8497053494
041 _acat
041 _bspa
080 _a69(038)
080 _a72(038)
100 _aAranda Navarro, Fernando
_971654
245 _aDiccionari d'arquitectura i construcció
245 _cFernando Aranda Navarro
245 _cManuel Galarza Tortajada
245 _cRafael Soler Verdú
260 _aValència
260 _bEditorial de la UPV
260 _c2003
300 _a103 p.
_c24 cm
365 _b3.55
365 _ceuros
500 _aBibliografia
500 _aCategoria gramatical
505 _aLletra A
520 _aaprox. 1.250
546 _acatalà
591 _a8352
592 _aObra terminològica
593 _aH
593 _aHQ
594 _a8352
650 _aarquitectura
_961051
650 _aconstrucció
_960705
700 _aGalarza Tortajada, Manuel
_971655
700 _aSoler Verdú, Rafael
_971656
901 _cDL <2003>
902 _a031110
942 _cMO
_n0
999 _c62623
_d62623